00834nam a2200193 i 450000100060000000300090000600500170001500700030003200800410003510000350007624501880011126000600029930000400035965100460039965100400044585200200048599900170050595201180052242885ES-MaACL20230906160709.0t|030314s1922 sp |||| | spa d1 aCerrageria, Condesa de.93755610aApuntes de cronología e historia de España en sus relaciones con las de Portugal, Francia e Inglaterra : benterramientos de los soberanos españoles / cCondesa de Cerragería. aMadrid : b[s.n., c1922] (fImp. Clásica Española) a316 p., [3] h. de lám. ; c26 cm. 4aEspaña-xHistoria-vCronología.98341 4aEspaña-xReyes y soberanos.98492 aES-MaACLjB-855 c42885d42885 00104070aATENEOMbATENEOMcSPBd2008-01-17eSCl0oB-855p1045140r2023-02-23 00:00:00w2023-02-23yMONOGRAFIA